00678nam a2200205 a 4500001001000000005001700010008004100027020001500068040001800083050002400101100002800125245006100153260003300214300004200247500005300289504002700342600002600369650004700395700003000442BRCA_156120190320203453.0821206s1982 sp-a---##b---#000-0#spa-# a8434303558 aDLCcDLCdDLC 4aND259.T3b.P39 19821 aPaz, Octaviod1914-199810aRufino Tamayoctextos de Octavio Paz, Jacques Lassaigne. aBarcelonabPolígrafac1982 a299 p.bil. (algunas a color)c30 cm. aIncluye índice de ilustraciones y cronología aBibliografía: p. 29214aTamayo, Rufinod1899-14aPintura mural mexicanaySiglo XXzMéxico1 aLassaigne, Jacquesd1910-